[Event "TCh-HUN 2024-25"]
[Site "Hungary HUN"]
[Date "2025.03.01"]
[Round "5.2"]
[White "Volokitin, Andrei"]
[Black "Nemeth, Miklos1"]
[Result "1-0"]
[WhiteTitle "GM"]
[BlackTitle "IM"]
[WhiteElo "2649"]
[BlackElo "2422"]
[WhiteTeam "Tuxera ANSK"]
[BlackTeam "Haladas VSE"]
[WhiteFideId "14107090"]
[BlackFideId "720232"]
[EventDate "2024.11.02"]
[EventType "team-tourn"]

1. e4 e5 2. Nf3 Nc6 3. Bc4 Bc5 4. O-O Nf6 5. d3 d6 6. c3 a5 7. Re1 O-O 8. h3 h6
9. Nbd2 Be6 10. Bb5 Na7 11. Ba4 b5 12. Bc2 Nc6 13. Nf1 Bb6 14. Ng3 Ne7 15. d4
Ng6 16. Be3 c5 17. a4 cxd4 18. cxd4 bxa4 19. Rxa4 Qc7 20. Bb3 Rfe8 21. Bxe6 Rxe6
22. b4 exd4 23. Bxd4 Bxd4 24. Qxd4 d5 25. e5 Rae8 26. bxa5 Nxe5 27. Nxe5 Rxe5
28. Rxe5 Rxe5 29. a6 Re1+ 30. Nf1 Re8 31. a7 Ra8 32. Ne3 Kh7 33. g4 Qb7 34. h4
Qd7 35. Kg2 Qb7 36. Ra1 Rd8 37. g5 Ne8 38. Nf5 f6 39. Re1 Qf7 40. Ne7 Nc7 41.
g6+ 1-0

[Event "TCh-HUN 2024-25"]
[Site "Hungary HUN"]
[Date "2025.03.01"]
[Round "5.3"]
[White "Kovacs, Gabor2"]
[Black "Gledura, Benjamin"]
[Result "0-1"]
[WhiteTitle "IM"]
[BlackTitle "GM"]
[WhiteElo "2400"]
[BlackElo "2652"]
[WhiteTeam "Haladas VSE"]
[BlackTeam "Tuxera ANSK"]
[WhiteFideId "716219"]
[BlackFideId "712779"]
[EventDate "2024.11.02"]
[EventType "team-tourn"]

1. d4 Nf6 2. c4 e6 3. Nc3 Bb4 4. e3 O-O 5. Bd2 Re8 6. Nf3 d5 7. Bd3 dxc4 8. Bxc4
b6 9. O-O Bb7 10. Qe2 a6 11. Rfd1 Nbd7 12. Be1 b5 13. Bd3 Bf8 14. Ne5 Ra7 15.
Qc2 g6 16. Nxd7 Nxd7 17. Be4 c6 18. Bf3 Qe7 19. Ne4 e5 20. dxe5 Nxe5 21. Bb4 c5
22. Qxc5 Bxe4 23. Qxe7 Bxe7 24. Bxe7 Bxf3 0-1

[Event "TCh-HUN 2024-25"]
[Site "Hungary HUN"]
[Date "2025.03.01"]
[Round "5.4"]
[White "Grigoriants, Sergey"]
[Black "Borhy, Marcell"]
[Result "1-0"]
[WhiteTitle "GM"]
[BlackTitle "IM"]
[WhiteElo "2531"]
[BlackElo "2356"]
[WhiteTeam "Tuxera ANSK"]
[BlackTeam "Haladas VSE"]
[WhiteFideId "4130804"]
[BlackFideId "770787"]
[EventDate "2024.11.02"]
[EventType "team-tourn"]

1. e4 c5 2. Nf3 d6 3. Bb5+ Nd7 4. O-O a6 5. Be2 Ngf6 6. d3 e6 7. a4 b6 8. Nfd2
Nb8 9. f4 Nc6 10. c3 Be7 11. Na3 O-O 12. Nc2 Bb7 13. Bf3 b5 14. Kh1 d5 15. e5
Nd7 16. d4 bxa4 17. Rxa4 Nb6 18. Ra1 cxd4 19. cxd4 a5 20. Be2 f5 21. exf6 Rxf6
22. Nf3 Qc8 23. Ne5 Nd7 24. Re1 Nb4 25. Nxb4 Bxb4 26. Bd2 Nxe5 27. fxe5 Rf7 28.
Bxb4 axb4 29. Rxa8 Qxa8 30. Qd2 Qf8 31. Kg1 Bc6 32. Rc1 Bd7 33. h3 g6 34. Rc5
Qb8 35. Bd3 Rf8 36. Qg5 Qe8 37. Rc7 Rf7 38. Be2 Qb8 39. Rc5 Kg7 40. Qd2 Ba4 41.
Bg4 Bd7 42. Kh2 Rf8 43. b3 Rf7 44. Bf3 Rf8 45. Qc1 Kg8 46. Qg5 Rf7 47. Qd2 Rf8
48. Bg4 Rf7 49. Qc1 Rf8 50. Kg3 Kh8 51. h4 Kg8 52. Qd2 Rf7 53. Qg5 Kh8 54. Qc1
Rf8 55. Rc7 Rc8 56. Rxc8+ Qxc8 57. Qf4 Kg8 58. Qf6 Qe8 59. Kf4 Qf8 60. h5 gxh5
61. Bxh5 Bc8 62. Ke3 Bd7 63. Qg5+ Kh8 64. g3 h6 65. Qf6+ Kg8 66. Bg6 Qxf6 67.
exf6 Bb5 68. Kf4 Be2 69. Ke5 Bd1 70. Kxe6 Kf8 71. Kxd5 Bxb3+ 72. Kc5 Bf7 73.
Bxf7 Kxf7 74. Kxb4 h5 75. Kc5 Kxf6 76. d5 Kg5 77. d6 Kg4 78. d7 Kxg3 79. d8=Q h4
80. Qg5+ 1-0

[Event "TCh-HUN 2024-25"]
[Site "Hungary HUN"]
[Date "2025.03.01"]
[Round "5.5"]
[White "Meszaros, Tamas"]
[Black "Kantor, Gergely"]
[Result "0-1"]
[WhiteTitle "IM"]
[BlackTitle "GM"]
[WhiteElo "2376"]
[BlackElo "2554"]
[WhiteTeam "Haladas VSE"]
[BlackTeam "Tuxera ANSK"]
[WhiteFideId "717410"]
[BlackFideId "751499"]
[EventDate "2024.11.02"]
[EventType "team-tourn"]

1. e4 e6 2. d3 c5 3. g3 Nc6 4. Bg2 g6 5. Nf3 Bg7 6. O-O Nge7 7. Nbd2 O-O 8. Re1
d6 9. c3 b5 10. Nf1 e5 11. Be3 a6 12. Qd2 f5 13. Bh6 f4 14. Bxg7 Kxg7 15. d4
cxd4 16. cxd4 Bg4 17. dxe5 dxe5 18. Qxd8 Raxd8 19. N1d2 Rd3 20. gxf4 exf4 21. h3
Bh5 22. Rac1 Rfd8 23. e5 h6 24. Rc5 0-1

[Event "TCh-HUN 2024-25"]
[Site "Hungary HUN"]
[Date "2025.03.01"]
[Round "5.6"]
[White "Antal, Gergely"]
[Black "Gombocz, Ferenc Jr."]
[Result "1/2-1/2"]
[WhiteTitle "GM"]
[BlackTitle "FM"]
[WhiteElo "2543"]
[BlackElo "2333"]
[WhiteTeam "Tuxera ANSK"]
[BlackTeam "Haladas VSE"]
[WhiteFideId "717312"]
[BlackFideId "775029"]
[EventDate "2024.11.02"]
[EventType "team-tourn"]

1. e4 c6 2. Nf3 d5 3. Nc3 dxe4 4. Nxe4 Nf6 5. Qe2 Nxe4 6. Qxe4 Be6 7. b3 Nd7 8.
Bb2 Nf6 9. Qe5 Bg4 10. Nd4 Qd6 11. Qxd6 exd6 12. h3 Bd7 13. Bd3 O-O-O 14. O-O-O
Ne8 15. c4 Nc7 16. f4 d5 17. Nf3 f6 18. f5 c5 19. g4 Bc6 20. Rhf1 dxc4 21. Bxc4
b5 22. Bf7 Rd3 23. Ng1 Rd7 24. Bh5 h6 25. Ne2 Bd6 26. Rde1 Nd5 27. Kb1 Re7 28.
Nc3 Rxe1+ 29. Rxe1 Nf4 30. Ne4 Bxe4+ 31. Rxe4 Nxh3 32. a4 Ng5 33. Re2 bxa4 34.
bxa4 Nf3 35. Kc2 Be5 36. Re3 Bxb2 37. Rxf3 Bd4 38. Rb3 Rd8 39. Bf7 Kc7 40. Bc4
Be5 41. Rd3 Rh8 42. Bf7 Rb8 43. Rb3 Rd8 44. Rd3 Rxd3 45. Kxd3 Bf4 46. Kc3 Kd6
47. d4 cxd4+ 1/2-1/2

[Event "TCh-HUN 2024-25"]
[Site "Hungary HUN"]
[Date "2025.03.01"]
[Round "5.7"]
[White "Csonka, Attila Istvan"]
[Black "Markus, Robert"]
[Result "0-1"]
[WhiteTitle "IM"]
[BlackTitle "GM"]
[WhiteElo "2271"]
[BlackElo "2592"]
[WhiteTeam "Haladas VSE"]
[BlackTeam "Tuxera ANSK"]
[WhiteFideId "716529"]
[BlackFideId "921637"]
[EventDate "2024.11.02"]
[EventType "team-tourn"]

1. e4 e6 2. d4 d5 3. Nd2 Be7 4. Bd3 c5 5. dxc5 Nf6 6. Qe2 a5 7. e5 Nfd7 8. Nb3
a4 9. Nd4 Nxc5 10. Qg4 g6 11. h4 f5 12. Qe2 Nc6 13. Ngf3 Bd7 14. Bg5 Nxd4 15.
Nxd4 Bxg5 16. hxg5 Qxg5 17. Bb5 Rd8 18. Nf3 Qe7 19. a3 O-O 20. Bd3 Ne4 21. O-O-O
b5 22. Qe3 h5 23. Bxe4 fxe4 24. Nd4 Qf7 25. g3 Rc8 26. Qg5 Qg7 27. Rd2 Rf7 28.
g4 Rcf8 29. Rh2 Rf4 30. gxh5 gxh5 31. Qxh5 Rxf2 32. Rdxf2 Rxf2 33. Rxf2 Qg1+ 34.
Qd1 Qxf2 35. Qg4+ Kf8 36. c3 Qe3+ 37. Kb1 Qh6 38. Qe2 Ke7 39. Qf2 e3 40. Qe2 Be8
41. Ka2 Qf4 42. Nc2 Qxe5 43. Nxe3 Qe4 44. Qf2 Bg6 45. Qg1 e5 46. Ng4 Ke6 47.
Qb6+ Kf5 48. Nf2 Qc4+ 49. Ka1 d4 0-1

[Event "TCh-HUN 2024-25"]
[Site "Hungary HUN"]
[Date "2025.03.01"]
[Round "5.8"]
[White "Medvegy, Zoltan"]
[Black "Balint, Peter"]
[Result "1-0"]
[WhiteTitle "GM"]
[BlackTitle "FM"]
[WhiteElo "2514"]
[BlackElo "2393"]
[WhiteTeam "Tuxera ANSK"]
[BlackTeam "Haladas VSE"]
[WhiteFideId "708402"]
[BlackFideId "1660713"]
[EventDate "2024.11.02"]
[EventType "team-tourn"]

1. Nf3 Nf6 2. g3 g6 3. b3 Bg7 4. Bb2 d6 5. d4 c5 6. Bg2 Qa5+ 7. Qd2 Qxd2+ 8.
Nbxd2 Na6 9. O-O O-O 10. c4 Rb8 11. a4 Bd7 12. Rfd1 cxd4 13. Bxd4 Nc5 14. a5 a6
15. b4 Na4 16. Ra3 b6 17. axb6 Nxb6 18. c5 Na4 19. cxd6 exd6 20. Nc4 Rxb4 21.
Nxd6 Bb5 22. Nxb5 axb5 23. e3 Ne4 24. Ne5 Nec3 25. Bxc3 Nxc3 26. Rxc3 Bxe5 27.
Rc5 Bf6 28. Rc7 Rd8 29. Bd5 Rf8 30. Rdc1 Ra4 31. Rxf7 Rxf7 32. Rc7 Ra1+ 33. Kg2
b4 34. Rxf7 Bc3 35. g4 h6 36. Rb7+ Kf8 37. f4 Rd1 38. Bc4 Rd2+ 39. Kg3 Rc2 40.
Bd3 Be1+ 41. Kf3 Rf2+ 42. Ke4 Rxh2 43. f5 gxf5+ 44. gxf5 Rh4+ 45. Kf3 Bc3 46.
Kg3 Be1+ 47. Kf3 Bc3 48. Kg3 Be1+ 49. Kg2 h5 50. Be2 Re4 51. Bxh5 Re7 52. Rb8+
Kg7 53. Kf3 Bc3 54. Rb6 Rc7 55. Rg6+ Kh7 56. Rb6 Kg7 57. Be8 Rc8 58. Bd7 Rc7 59.
Be6 Kf6 60. Ke4 Rc5 61. Bd5+ Kg7 62. Rg6+ Kh7 63. Bg8+ Kh8 64. Bd5 Kh7 65. Rd6
Rb5 66. Bb3 Kg7 67. Rg6+ Kh7 68. Rc6 Kg7 69. Rg6+ Kh7 70. Ra6 Kg7 71. Kf4 Bf6
72. Ra7+ Kh6 73. Bg8 Bg7 74. Ra6+ Kh5 75. Bf7+ Kh4 76. Rg6 Be5+ 77. Ke4 Bg3 78.
Rh6+ Kg5 79. Rg6+ Kh4 80. f6 Re5+ 81. Kd3 Rf5 82. Be6 Rf3 83. f7 Be5 84. Ke4 1-0

[Event "TCh-HUN 2024-25"]
[Site "Hungary HUN"]
[Date "2025.03.01"]
[Round "5.9"]
[White "Lakos, Nikoletta"]
[Black "Gara, Anita"]
[Result "1/2-1/2"]
[WhiteTitle "WGM"]
[BlackTitle "IM"]
[WhiteElo "2184"]
[BlackElo "2343"]
[WhiteTeam "Haladas VSE"]
[BlackTeam "Tuxera ANSK"]
[WhiteFideId "705128"]
[BlackFideId "709751"]
[EventDate "2024.11.02"]
[EventType "team-tourn"]

1. e4 c5 2. Nf3 e6 3. b3 a6 4. c4 Nc6 5. Bb2 Qc7 6. g3 Nf6 7. Qe2 d6 8. Bh3 Rb8
9. O-O b6 10. d3 Be7 11. Nbd2 Bb7 12. Rac1 O-O 13. d4 cxd4 14. Nxd4 Nxd4 15.
Bxd4 Rfe8 16. Bg2 Nd7 17. Rfd1 Rbd8 18. Qe3 Ba8 19. Nb1 Qb8 20. Qe2 Bb7 21. Qe3
Ba8 22. Qe2 Bb7 23. Qe3 Ba8 24. Qe2 Bb7 1/2-1/2

[Event "TCh-HUN 2024-25"]
[Site "Hungary HUN"]
[Date "2025.03.01"]
[Round "5.10"]
[White "Varga, Marko"]
[Black "Egri, Laszlo Jr."]
[Result "0-1"]
[WhiteElo "1668"]
[BlackElo "2243"]
[WhiteTeam "Tuxera ANSK"]
[BlackTeam "Haladas VSE"]
[WhiteFideId "799335"]
[BlackFideId "703397"]
[EventDate "2024.11.02"]
[EventType "team-tourn"]

1. e4 c5 2. Nf3 e6 3. d4 cxd4 4. Nxd4 a6 5. c4 Nf6 6. Nc3 Qc7 7. a3 Be7 8. b3 b6
9. g3 Bb7 10. Bg2 d6 11. O-O Nbd7 12. Re1 b5 13. Qe2 Rc8 14. Bb2 bxc4 15. bxc4
Ne5 16. Rac1 Qxc4 17. Nd5 Qxe2 18. Nxf6+ Bxf6 19. Rxc8+ Bxc8 20. Rxe2 Nd3 21.
Bc3 Bd7 22. Rd2 Nc5 23. Bb4 g5 24. h3 Be7 25. f3 h5 26. Bf1 g4 27. hxg4 hxg4 28.
Bxc5 dxc5 29. Nb3 gxf3 30. Kf2 Ba4 31. Nc1 Rh2+ 32. Ke1 Rxd2 33. Kxd2 Bg5+ 34.
Kc3 Bxc1 35. Bxa6 Bd1 36. Bd3 Bxa3 37. Kd2 Be2 38. Bxe2 fxe2 39. Kxe2 0-1

[Event "TCh-HUN 2024-25"]
[Site "Hungary HUN"]
[Date "2025.03.02"]
[Round "6.1"]
[White "Ruck, Robert"]
[Black "Sjugirov, Sanan"]
[Result "1/2-1/2"]
[WhiteTitle "GM"]
[BlackTitle "GM"]
[WhiteElo "2516"]
[BlackElo "2649"]
[WhiteTeam "Haladas VSE"]
[BlackTeam "Sentimento Ajka BSK"]
[WhiteFideId "705713"]
[BlackFideId "4189302"]
[EventDate "2024.11.02"]
[EventType "team-tourn"]

1. Nf3 Nf6 2. c4 e6 3. Nc3 d5 4. d4 Nbd7 5. Bg5 h6 6. Bh4 Be7 7. e3 O-O 8. Rc1
a6 9. cxd5 exd5 10. Bd3 c6 11. Qc2 Re8 12. O-O Ne4 13. Bxe7 Qxe7 14. Rb1 Ndf6
15. Ne5 Bf5 16. Na4 g6 17. f3 Nd6 18. Bxf5 Nxf5 19. Rfe1 h5 20. h4 Kg7 21. Nc3
Qc7 22. a4 Re7 23. Rbc1 Qb6 24. Rb1 Rae8 25. Qd3 Nd6 26. Qc2 Qd8 27. Red1 Qc8
28. a5 Nb5 29. Rd2 Ng8 30. Rf2 Nd6 31. Qd3 Qd8 32. g4 1/2-1/2

[Event "TCh-HUN 2024-25"]
[Site "Hungary HUN"]
[Date "2025.03.02"]
[Round "6.2"]
[White "Banusz, Tamas"]
[Black "Nemeth, Miklos1"]
[Result "1-0"]
[WhiteTitle "GM"]
[BlackTitle "IM"]
[WhiteElo "2576"]
[BlackElo "2422"]
[WhiteTeam "Sentimento Ajka BSK"]
[BlackTeam "Haladas VSE"]
[WhiteFideId "722413"]
[BlackFideId "720232"]
[EventDate "2024.11.02"]
[EventType "team-tourn"]

1. c4 e5 2. Nc3 Nf6 3. Nf3 Nc6 4. g3 d5 5. cxd5 Nxd5 6. Bg2 Nb6 7. O-O Be7 8. b3
O-O 9. Bb2 Be6 10. Rc1 f6 11. Ne4 Bd5 12. Nc5 Bxc5 13. Rxc5 a5 14. d3 a4 15. e4
Bf7 16. d4 axb3 17. axb3 Qd6 18. Rc1 Ra2 19. Bc3 Rd8 20. d5 Nb8 21. Nh4 Qd7 22.
Ra1 Rxa1 23. Qxa1 Na6 24. f4 exf4 25. Rxf4 Rf8 26. Qf1 Qd8 27. Bh3 Nd7 28. Bxd7
Qxd7 29. Qf3 c6 30. Bxf6 Bxd5 31. exd5 Rxf6 32. Nf5 h6 33. Nxh6+ Rxh6 34. Rf8+
Kh7 35. Qe4+ Rg6 36. Rf4 Nc7 37. Rh4+ Kg8 38. Qxg6 Nxd5 39. Qh7+ Kf7 40. Qh5+
Kg8 41. Qe5 b5 42. Re4 Kf7 43. Qh5+ Kf8 44. Qe5 Kf7 45. Kg2 Nf6 46. Rd4 Qa7 47.
Rd2 Qa3 48. Qc7+ Kg8 49. Qc8+ Kf7 50. Qb7+ Kg8 51. Qxc6 Qxb3 52. Qf3 Qc4 53. h3
b4 54. Rb2 Nd5 55. Rd2 Nf6 56. g4 Qc5 57. h4 1-0

[Event "TCh-HUN 2024-25"]
[Site "Hungary HUN"]
[Date "2025.03.02"]
[Round "6.3"]
[White "Kovacs, Gabor2"]
[Black "Prohaszka, Peter2"]
[Result "1/2-1/2"]
[WhiteTitle "IM"]
[BlackTitle "GM"]
[WhiteElo "2400"]
[BlackElo "2545"]
[WhiteTeam "Haladas VSE"]
[BlackTeam "Sentimento Ajka BSK"]
[WhiteFideId "716219"]
[BlackFideId "726265"]
[EventDate "2024.11.02"]
[EventType "team-tourn"]

1. d4 Nf6 2. c4 e6 3. Nc3 d5 4. Bg5 Be7 5. e3 h6 6. Bh4 O-O 7. Nf3 b6 8. Bd3
Nbd7 9. O-O Bb7 10. Qe2 dxc4 11. Bxc4 Ne4 12. Bxe7 Qxe7 13. Rac1 c5 14. Rfd1
Rad8 15. Nxe4 Bxe4 16. Bb5 Nf6 17. dxc5 Rxd1+ 18. Qxd1 Rd8 19. Qe2 bxc5 20. Nd2
Qb7 21. Nxe4 Qxe4 22. Rd1 Rxd1+ 23. Qxd1 g5 24. a3 Kg7 25. h3 Qe5 26. Qe2 h5 27.
Bc6 h4 28. Bf3 Qd6 29. Qc2 Nd7 30. Qc3+ f6 31. b4 cxb4 32. axb4 Ne5 33. Be2 Nc6 1/2-1/2

[Event "TCh-HUN 2024-25"]
[Site "Hungary HUN"]
[Date "2025.03.02"]
[Round "6.4"]
[White "Balog, Imre"]
[Black "Borhy, Marcell"]
[Result "1/2-1/2"]
[WhiteTitle "GM"]
[BlackTitle "IM"]
[WhiteElo "2618"]
[BlackElo "2356"]
[WhiteTeam "Sentimento Ajka BSK"]
[BlackTeam "Haladas VSE"]
[WhiteFideId "728446"]
[BlackFideId "770787"]
[EventDate "2024.11.02"]
[EventType "team-tourn"]

1. d4 d5 2. Nf3 Nf6 3. c4 e6 4. Nc3 c5 5. e3 a6 6. b3 cxd4 7. exd4 Bb4 8. Bd2
dxc4 9. bxc4 Nc6 10. Qb3 O-O 11. Rd1 Ba5 12. Qa3 Bb4 13. Qb2 Ba5 14. Nb1 Ne4 15.
Bd3 Nxd2 16. Nbxd2 b5 17. O-O Bxd2 18. Rxd2 bxc4 19. Bxc4 Rb8 20. Qc3 Ne7 21.
Ne5 Bb7 22. Rb2 Qd6 23. Rfb1 Bd5 24. Rxb8 Rxb8 25. Rxb8+ Qxb8 26. Bxa6 f6 27.
Nd3 Bxa2 28. Nb4 Nd5 29. Nxd5 Bxd5 30. Qc8+ Qxc8 1/2-1/2

[Event "TCh-HUN 2024-25"]
[Site "Hungary HUN"]
[Date "2025.03.02"]
[Round "6.5"]
[White "Meszaros, Tamas"]
[Black "Neugebauer, Martin"]
[Result "1/2-1/2"]
[WhiteTitle "IM"]
[BlackTitle "IM"]
[WhiteElo "2376"]
[BlackElo "2525"]
[WhiteTeam "Haladas VSE"]
[BlackTeam "Sentimento Ajka BSK"]
[WhiteFideId "717410"]
[BlackFideId "14923432"]
[EventDate "2024.11.02"]
[EventType "team-tourn"]

1. e4 c5 2. Nf3 e6 3. d4 cxd4 4. Nxd4 Nf6 5. Nc3 Nc6 6. Nxc6 bxc6 7. e5 Nd5 8.
Ne4 Qc7 9. f4 Qb6 10. c4 Bb4+ 11. Ke2 f5 12. exf6 Nxf6 13. Be3 Qd8 14. Nd6+ Bxd6
15. Qxd6 Bb7 16. Rd1 Rc8 17. Bd4 c5 18. Bxf6 gxf6 19. Kf2 Rg8 20. Rg1 Qe7 21.
Be2 Qxd6 22. Rxd6 Ke7 23. Rd2 e5 24. fxe5 fxe5 25. g3 Rc6 26. Rgd1 Rf6+ 27. Ke3
Bc6 28. Rf1 Rxf1 29. Bxf1 Rg4 30. Bd3 h5 31. b3 Rd4 32. Rf2 h4 33. Rf5 Ke6 34.
Rg5 a5 35. a4 Kf6 36. Rf5+ Ke6 37. Rg5 Kf6 38. Rf5+ Ke6 1/2-1/2

[Event "TCh-HUN 2024-25"]
[Site "Hungary HUN"]
[Date "2025.03.02"]
[Round "6.6"]
[White "Korpa, Bence"]
[Black "Gombocz, Ferenc Jr."]
[Result "1-0"]
[WhiteTitle "GM"]
[BlackTitle "FM"]
[WhiteElo "2544"]
[BlackElo "2333"]
[WhiteTeam "Sentimento Ajka BSK"]
[BlackTeam "Haladas VSE"]
[WhiteFideId "706671"]
[BlackFideId "775029"]
[EventDate "2024.11.02"]
[EventType "team-tourn"]

1. c4 c5 2. Nc3 Nc6 3. g3 g6 4. Bg2 Bg7 5. d3 e6 6. h4 Nf6 7. Nh3 h6 8. Nf4 d6
9. a3 O-O 10. Rb1 a5 11. b3 Rb8 12. Bb2 Bd7 13. e3 Ne8 14. g4 e5 15. Nfd5 f5 16.
gxf5 gxf5 17. Nb5 Ne7 18. d4 Nxd5 19. Bxd5+ Kh7 20. dxc5 dxc5 21. Qf3 a4 22. Qg3
f4 23. Qg2 Qf6 24. bxa4 Qg6 25. Qxg6+ Kxg6 26. Rg1+ Kh7 27. e4 Bc6 28. Bc3 Ra8
29. a5 Bf6 30. Ke2 Bxh4 31. Kf3 Bf6 32. Rg2 Ng7 33. Nd6 Rfb8 34. Rb6 Be8 35.
Nxe8 Nxe8 36. Bxb7 Ra7 37. a6 Bg7 38. Rgg6 Rd8 39. Bd5 Nc7 40. Rxg7+ Kxg7 41.
Bxe5+ Kh7 42. Rb7 Rxb7 43. axb7 1-0

[Event "TCh-HUN 2024-25"]
[Site "Hungary HUN"]
[Date "2025.03.02"]
[Round "6.7"]
[White "Csonka, Attila Istvan"]
[Black "Dudin, Gleb"]
[Result "0-1"]
[WhiteTitle "IM"]
[BlackTitle "GM"]
[WhiteElo "2271"]
[BlackElo "2510"]
[WhiteTeam "Haladas VSE"]
[BlackTeam "Sentimento Ajka BSK"]
[WhiteFideId "716529"]
[BlackFideId "34184934"]
[EventDate "2024.11.02"]
[EventType "team-tourn"]

1. e4 c5 2. Nf3 d6 3. Nc3 Nf6 4. d4 cxd4 5. Qxd4 Bd7 6. Bg5 Nc6 7. Qd2 a6 8. Bc4
e6 9. Bb3 h6 10. Bh4 Be7 11. O-O-O b5 12. Rhe1 Qc7 13. Nd5 exd5 14. exd5 Na5 15.
Bxf6 gxf6 16. Qf4 Kf8 17. Rxe7 Kxe7 18. Re1+ Kf8 19. Qxf6 Rh7 20. Nd4 Re8 21.
Rxe8+ Kxe8 22. c3 Nxb3+ 23. axb3 Qc5 24. Qf3 Rg7 25. Qe3+ Kf8 26. Qxh6 Qxd5 0-1

[Event "TCh-HUN 2024-25"]
[Site "Hungary HUN"]
[Date "2025.03.02"]
[Round "6.8"]
[White "Aveskulov, Valeriy"]
[Black "Lakos, Nikoletta"]
[Result "1-0"]
[WhiteTitle "GM"]
[BlackTitle "WGM"]
[WhiteElo "2488"]
[BlackElo "2184"]
[WhiteTeam "Sentimento Ajka BSK"]
[BlackTeam "Haladas VSE"]
[WhiteFideId "14109743"]
[BlackFideId "705128"]
[EventDate "2024.11.02"]
[EventType "team-tourn"]

1. e4 c5 2. Nf3 Nc6 3. Bb5 e6 4. O-O Nge7 5. Re1 a6 6. Bf1 d5 7. exd5 Nxd5 8. d4
cxd4 9. Nxd4 Ndb4 10. Nxc6 Qxd1 11. Rxd1 bxc6 12. Na3 a5 13. Bd2 Ba6 14. Bxa6
Rxa6 15. Nc4 Nxc2 16. Rac1 Nd4 17. Kf1 a4 18. Ne5 f6 19. Nd3 Kf7 20. Be3 Nf5 21.
Rc4 Be7 22. Rdc1 Nxe3+ 23. fxe3 Rc8 24. g4 e5 25. Ke2 Ke6 26. h3 Kd7 27. Re4 Bd6
28. Kd2 Rb8 29. Rcc4 Rba8 30. Kc2 R8a7 31. a3 Ke6 32. Nf4+ Kd7 33. Ne2 g6 34.
Nc3 Ke6 35. Nxa4 f5 36. gxf5+ gxf5 37. Rh4 Rg7 38. Rh6+ Kd5 39. Rc5+ Ke4 40.
Nc3+ Kxe3 41. Rxd6 Rg2+ 42. Kb1 Kf4 43. Nd5+ 1-0

[Event "TCh-HUN 2024-25"]
[Site "Hungary HUN"]
[Date "2025.03.02"]
[Round "6.9"]
[White "Csontos, Aron"]
[Black "Kolimar, Kristof Pal"]
[Result "0-1"]
[BlackTitle "FM"]
[WhiteElo "2224"]
[BlackElo "2286"]
[WhiteTeam "Haladas VSE"]
[BlackTeam "Sentimento Ajka BSK"]
[WhiteFideId "17004420"]
[BlackFideId "798410"]
[EventDate "2024.11.02"]
[EventType "team-tourn"]

1. e4 c5 2. Nf3 d6 3. Bc4 Nf6 4. d3 e6 5. O-O Be7 6. Nbd2 Nc6 7. a4 O-O 8. Ba2
b6 9. Re1 Ba6 10. Nf1 Rc8 11. c3 Ne5 12. Bb1 Qc7 13. d4 Nxf3+ 14. gxf3 cxd4 15.
cxd4 e5 16. d5 Nh5 17. Ng3 Nf4 18. Bxf4 exf4 19. Nf5 Bf6 20. Bd3 Bxd3 21. Qxd3
Bxb2 22. Ra2 Be5 23. Ree2 Qd8 24. Rec2 Rc5 25. Nd4 Bxd4 26. Qxd4 Qg5+ 27. Kf1
Qh4 28. Rxc5 bxc5 29. Qc3 Qxh2 30. Rb2 h5 31. Ke2 h4 32. Qe1 Qg2 33. Qf1 Qxf1+
34. Kxf1 Rc8 35. Kg2 c4 36. Kh3 c3 37. Rc2 g5 38. e5 dxe5 39. d6 Kg7 40. d7 Rd8
41. Rxc3 Rxd7 42. Rc5 f6 43. Ra5 Kg6 44. Kg2 Kf5 45. Ra6 g4 46. fxg4+ Kxg4 47.
Rxf6 h3+ 48. Kh2 Kf3 0-1

[Event "TCh-HUN 2024-25"]
[Site "Hungary HUN"]
[Date "2025.03.02"]
[Round "6.10"]
[White "Pasti, Anna"]
[Black "Egri, Laszlo Jr."]
[Result "0-1"]
[WhiteElo "1991"]
[BlackElo "2243"]
[WhiteTeam "Sentimento Ajka BSK"]
[BlackTeam "Haladas VSE"]
[WhiteFideId "790834"]
[BlackFideId "703397"]
[EventDate "2024.11.02"]
[EventType "team-tourn"]

1. Nf3 d6 2. g3 c5 3. d3 Nc6 4. Bg2 g6 5. d4 cxd4 6. Nxd4 Bd7 7. O-O Bg7 8. c3
Nf6 9. h3 O-O 10. e4 Qa5 11. Nd2 Rfc8 12. Nc4 Qa6 13. Ne3 Nxd4 14. cxd4 Bb5 15.
Re1 e6 16. Bd2 Bd3 17. e5 Nd7 18. Ng4 d5 19. Nh6+ Bxh6 20. Bxh6 Bc2 21. Qd2 Qb6
22. Rac1 Ba4 23. b3 Rxc1 24. Rxc1 Bc6 25. Qf4 Qd8 26. Rc3 f5 27. exf6 Qxf6 28.
Qd2 Re8 29. h4 Qe7 30. Re3 Nf6 31. Bg5 Qg7 0-1

[Event "TCh-HUN 2024-25"]
[Site "Hungary HUN"]
[Date "2025.03.02"]
[Round "6.1"]
[White "Eljanov, Pavel"]
[Black "Erdos, Viktor"]
[Result "1/2-1/2"]
[WhiteTitle "GM"]
[BlackTitle "GM"]
[WhiteElo "2672"]
[BlackElo "2533"]
[WhiteTeam "Tuxera ANSK"]
[BlackTeam "MTK Budapest"]
[WhiteFideId "14102951"]
[BlackFideId "719978"]
[EventDate "2024.11.02"]
[EventType "team-tourn"]

1. c4 g6 2. Nc3 c5 3. g3 Bg7 4. Bg2 Nf6 5. e3 e6 6. Nge2 d5 7. b3 O-O 8. O-O Re8
9. Ba3 Qa5 10. Bb2 Na6 11. a3 Qd8 12. d4 cxd4 13. exd4 b6 14. b4 Rb8 15. cxd5
Nxd5 16. Nxd5 exd5 17. Re1 Nc7 18. a4 Bf5 19. Qb3 Be4 20. b5 Bxg2 21. Kxg2 Ne6
22. Rad1 Qd7 23. Ng1 Ng5 24. Nf3 Nxf3 25. Qxf3 h5 26. Bc1 Rbc8 27. Bg5 Re6 28.
Rc1 Rxc1 29. Rxc1 Re4 30. Bf6 Bxf6 31. Qxf6 h4 32. gxh4 Qg4+ 33. Kh1 Rf4 34.
Rc8+ Qxc8 35. Qxf4 Qc4 36. Kg2 Qxa4 37. Qb8+ Kh7 38. Qf4 Kg8 39. Qb8+ 1/2-1/2

[Event "TCh-HUN 2024-25"]
[Site "Hungary HUN"]
[Date "2025.03.02"]
[Round "6.2"]
[White "Sahidi, Samir"]
[Black "Gledura, Benjamin"]
[Result "0-1"]
[WhiteTitle "IM"]
[BlackTitle "GM"]
[WhiteElo "2485"]
[BlackElo "2652"]
[WhiteTeam "MTK Budapest"]
[BlackTeam "Tuxera ANSK"]
[WhiteFideId "14936372"]
[BlackFideId "712779"]
[EventDate "2024.11.02"]
[EventType "team-tourn"]

1. d4 Nf6 2. c4 e6 3. Nf3 d5 4. Nc3 Bb4 5. e3 O-O 6. Bd2 b6 7. cxd5 exd5 8. Bd3
c5 9. Ne5 Ba6 10. Bxa6 Nxa6 11. O-O Qe8 12. Ng4 Ne4 13. Nxd5 Bxd2 14. f3 Kh8 15.
Qc2 Bxe3+ 16. Ndxe3 Nf6 17. Rfe1 Nxg4 18. Nxg4 Qb5 19. Re5 f5 20. Nf2 Rad8 21.
dxc5 Nxc5 22. Rae1 Qb4 23. a3 Qf4 24. b4 Ne4 25. Re7 Qh4 26. R1xe4 fxe4 27. Qxe4
Qf6 28. Re5 Rc8 29. h3 Qd6 30. Ng4 Qd2 31. Kh2 Qf4+ 32. Qxf4 Rxf4 33. Nf2 Rd4
34. Ne4 Rd3 35. a4 Rd4 36. Rb5 Rb8 37. Nc5 Rd5 38. a5 g5 39. Kg3 h5 40. h4 gxh4+
41. Kxh4 Kh7 42. g4 hxg4 43. fxg4 Kg6 44. Kg3 Rg5 45. axb6 axb6 46. Nd7 Rxb5 47.
Nxb8 Rxb4 48. Nc6 Ra4 49. Ne5+ Kg5 50. Kf3 Kf6 51. Nd3 b5 52. Nf2 Ke5 53. g5
Ra3+ 54. Ke2 Rg3 55. Nd3+ Ke4 56. Nc5+ Kd5 0-1